Lyrics raten #48.1 - Statistics

General Stats
  • This quiz has been taken 10 times
    6 since last reset
  • The average score is 171 of 500
Answer Stats
Answer % Correct
das
100%
Ich
100%
ich,
100%
ich
100%
dass
83%
der
83%
Der
83%
Der,
83%
du
83%
Du
83%
er
83%
Er
83%
Es
83%
es
83%
den
67%
Die
67%
die
67%
ein
67%
Ein
67%
Heute
67%
heute
67%
im
67%
Im
67%
in
67%
Mit
67%
mit
67%
nicht
67%
Sie
67%
und
67%
Und
67%
Wie
67%
wie
67%
“Wie
67%
wird
67%
Zeit,
67%
zu
67%
ab
50%
Ab
50%
Ah!
50%
an
50%
an,
50%
auf
50%
auf,
50%
bin
50%
bist
50%
dein
50%
deine
50%
dich,
50%
dich
50%
diese
50%
Früher
50%
für
50%
Für
50%
hast
50%
ihr
50%
in
50%
ist,
50%
ist
50%
jetzt
50%
Jetzt
50%
macht
50%
nie
50%
ohne
50%
sind
50%
so
50%
um
50%
uns
50%
unser
50%
V
50%
wahr
50%
war
50%
weil
50%
Weil
50%
wo
50%
1
33%
Aber
33%
aber
33%
äussern
33%
Dachtest
33%
dachtest,
33%
dann
33%
Dann
33%
deinen
33%
deiner
33%
dir
33%
dir,
33%
Doch
33%
doch
33%
einen
33%
Ernst,
33%
erzähl’s
33%
ganz
33%
Geld
33%
gut
33%
hat
33%
hätt
33%
hier
33%
hör
33%
Jeder
33%
kein
33%
langsam
33%
Lügen,
33%
Man
33%
man
33%
meinen
33%
mich
33%
ne
33%
noch
33%
oder
33%
reden
33%
sein
33%
sich
33%
Sklave
33%
stern
33%
Vater
33%
von
33%
was
33%
wieder
33%
Wille,
33%
Abou-Chaker
17%
Als
17%
als
17%
angeblich
17%
Arafat
17%
auch
17%
Baggy
17%
bei
17%
Berlin
17%
Bonzen-Gegend
17%
brichst
17%
Bronx
17%
dafür
17%
dafür?
17%
dank
17%
Dank
17%
dem
17%
Deutschland
17%
Durags
17%
echte
17%
Ehrenkodex
17%
ehrlich
17%
eigentlich
17%
Ek
17%
ekligen
17%
Familie
17%
fang
17%
“Fick
17%
fliehst
17%
fragen
17%
gegen
17%
geglaubt,
17%
geglaubt
17%
gelebt
17%
gern
17%
gewesen
17%
ging
17%
haben
17%
helf
17%
herkommst,
17%
hundert
17%
ihn
17%
interessant
17%
irgendwo
17%
jährlich?
17%
Kay!
17%
Kay
17%
Kay,
17%
Kenneth
17%
König
17%
könnt
17%
kurz
17%
lieber
17%
LKA-Beamte
17%
Louis
17%
lügt,
17%
mal
17%
Mal
17%
Medien
17%
Mille
17%
Most
17%
Mutter
17%
Nabelschnur,
17%
nach
17%
Nach
17%
Nelly
17%
nochmal,
17%
nur
17%
plötzlich
17%
Polizei”
17%
Problem,
17%
raubt
17%
Ravensburg
17%
retten
17%
Ruf
17%
Schäm
17%
Scheisse
17%
schreibt
17%
Schuhen
17%
schwäbische
17%
Security
17%
sehen
17%
seinen
17%
Sinne
17%
sitzt
17%
Sondern,
17%
Song?”
17%
sowas
17%
Sprünge,
17%
stecken
17%
Trennung
17%
TV
17%
Typ
17%
über
17%
verbreitest,
17%
verdient,
17%
vergessen,
17%
Vermögen
17%
vogelfrei,
17%
Wanted”
17%
warte
17%
Welcher
17%
Wohnung
17%
wollte
17%
wollte,
17%
würdest
17%
wusste,
17%
Akay
0%
angenommen,
0%
angenommen
0%
anstatt
0%
Aufenthalt
0%
begabt
0%
belügst
0%
Benehmen
0%
berühmt
0%
besorgten
0%
betrügst
0%
bezahlt
0%
bisschen
0%
Boygroup-Mitgliedern
0%
brauchst
0%
Bunker
0%
Bunker-Deal
0%
Cafe
0%
Chablife
0%
Clip
0%
Clown
0%
damals
0%
damit
0%
Daraufhin
0%
dazuverdienst
0%
Deutschrap
0%
drum,
0%
Eko
0%
Erinner
0%
ernährt
0%
erste
0%
ersten
0%
fällst
0%
Fame
0%
Fax,
0%
fiel
0%
Fresh
0%
freuen,
0%
Freunde,
0%
Freunde
0%
fühltest
0%
ganzen
0%
genug
0%
getroffen,
0%
Gibst
0%
ging’s
0%
glaubt,
0%
Gönnern
0%
gründete
0%
hart
0%
hattest
0%
häufiger
0%
hauptsache
0%
haust
0%
herhalten,
0%
Heuschrecken
0%
Hingst
0%
irgendwelchen
0%
Jaysus
0%
Kenny,
0%
Kippen
0%
Kohle
0%
Kölner
0%
könnte
0%
konnte,
0%
kriegst
0%
Läuft
0%
lebt
0%
Lehrer
0%
liess,
0%
machst
0%
“Malibu’s
0%
Millionen-Deals
0%
muss
0%
nächste
0%
Nebenjobs,
0%
niemals
0%
Nummer
0%
ob
0%
Olli
0%
Overground
0%
paar
0%
Plünderte
0%
Promo
0%
Räudiges
0%
rief
0%
Sachen
0%
schickte
0%
Schnauze
0%
schon
0%
schrieb
0%
seist
0%
seit
0%
siehst
0%
Sparschwein
0%
später
0%
spielen
0%
Staiger
0%
Star
0%
Stiefvater
0%
Tagen,
0%
tauscht
0%
Traurig
0%
Überheblicher
0%
umbedingt
0%
unterschriebst
0%
verdienst
0%
verlass
0%
vorangekommen
0%
wärst
0%
weiter
0%
wert
0%
wohnen
0%
zogst
0%
No matching quizzes found
Score Distribution
Percent of People with Each Score
Percentile by Number Answered
Your Score History
You have not taken this quiz since the last reset